[Event "POL-chT3"]
[Site "Jastrzebia Gora POL"]
[Date "2015.??.??"]
[Round "2.104"]
[White "Zylka, Stanislaw"]
[Black "Badyra, Wasyl"]
[Result "1/2-1/2"]
[WhiteElo "2213"]
[BlackElo "2030"]
[EventDate "2015.??.??"]
[WhiteTitle "k"]
[BlackTitle "I"]

1.e4 c5 2.Nf3 Nc6 3.d4 cxd4 4.Nxd4 g6 5.c4 Bg7 6.Be3 Nf6 7.Nc3 O-O 8.Be2 
d6 9.O-O Nd7 10.Nc2 Nc5 11.f3 a5 12.Qd2 Re8 13.Rfd1 Be6 14.Na3 a4 15.Bf1 
Qa5 16.Rac1 Nb4 17.Nab5 Rec8 18.Bg5 Nc6 19.Qf2 h6 20.Be3 Ne5 21.Nd5 Bxd5 
22.Rxd5 Ned7 23.Qh4 Nf6 24.Rdd1 g5 25.Qf2 Ne6 26.Bb6 Qb4 27.a3 Qb3 28.Rd3 
Qxb5 29.cxb5 Rxc1 30.Be3 Rc7 31.b6 Rc6 32.Rc3 Rxc3 33.bxc3 Nd7 34.Bb5 Ndc5
35.c4 Be5 36.g3 Kh7 37.Kf1 Rg8 38.Qc2 Bd4 39.e5+ Rg6 40.exd6 exd6 41.Be8 
Bxe3 42.Bxf7 Nf8 43.Qf5 Bd4 44.Bxg6+ Nxg6 45.Qf7+ Bg7 46.Qc7 Nf8 47.Qxd6 
Nfe6 48.f4 gxf4 49.gxf4 Bf8 50.Qd4 Kg8 51.Qd5 Kg7 52.h4 Kf6 53.Qe5+ Kf7 
54.f5 Ng7 55.Kg2 Ne8 56.Qd5+ Kg7 57.Qd8 Kf7 58.Kf3 Nf6 59.Qc7+ Nfd7 60.Qg3
Nf6 61.Qg1 Ke8 62.Qd1 Kf7 63.Kf4 Be7 64.Ke3 Bf8 65.Qf3 Be7 66.Qg2 Bf8 67.
Kd4 Ncd7 68.Qxb7 Bxa3 69.Kc3 Bc5 70.Qc6 Bxb6 71.Qxa4 Bc5 72.Qc6 h5 73.Qg2 
Kf8 74.Kb3 Ke7 75.Ka4 Kd6 76.Kb5 Ke5 77.Qf3 Bb6 78.Kc6 Bc5 79.Qd3 Kf4 80.
Qd2+ Kxf5 81.Qg5+ Ke4 82.Qg3 Kf5 83.Qf3+ Ke5 84.Kb5 Kd4 85.Qf5 Bf8 86.Qf4+
Kd3 87.Qf3+ Kd4 1/2-1/2

[Event "POL-chT3"]
[Site "Jastrzebia Gora POL"]
[Date "2015.??.??"]
[Round "2.105"]
[White "Budnik, Mateusz"]
[Black "Kastelik, Adrian"]
[Result "1/2-1/2"]
[WhiteElo "1981"]
[BlackElo "2135"]
[EventDate "2015.??.??"]
[WhiteTitle "I++"]
[BlackTitle "I++"]

1.e4 e5 2.Nf3 Nf6 3.d4 exd4 4.e5 Ne4 5.Qxd4 d5 6.exd6 Nxd6 7.Be2 Nc6 8.Qd1
Be7 9.O-O Be6 10.Nc3 h6 11.Bf4 Qd7 12.Nb5 Nxb5 13.Bxb5 Rd8 14.Ne5 Qd5 15.
Qxd5 Bxd5 16.c4 O-O 17.Bxc6 Bxc6 18.Nxc6 bxc6 19.Bxc7 Rd2 20.Be5 Bc5 21.
Bc3 Rc2 22.Rac1 Bxf2+ 23.Kh1 Rxc1 24.Rxc1 Re8 25.g3 Re2 26.Rd1 h5 27.Rd8+ 
Kh7 28.Rd7 Be1 29.Rxa7 Bxc3 30.bxc3 Rc2 31.Rxf7 Kg6 32.Rc7 Rxa2 33.Rxc6+ 
Kf5 34.Kg1 g5 35.h3 Ke4 36.Rf6 Rc2 37.g4 h4 38.Rf5 Ke3 39.Rxg5 Rc1+ 40.Kg2
Rc2+ 1/2-1/2

[Event "POL-chT3"]
[Site "Jastrzebia Gora POL"]
[Date "2015.??.??"]
[Round "2.106"]
[White "Dzierzak, Radoslaw"]
[Black "Zolnierowicz, Krzysztof"]
[Result "1-0"]
[WhiteElo "2168"]
[BlackElo "2043"]
[EventDate "2015.??.??"]
[WhiteTitle "I++"]
[BlackTitle "IM"]

1.e4 c5 2.Nf3 d6 3.d4 Nf6 4.Nc3 cxd4 5.Nxd4 a6 6.g3 e5 7.Nde2 Be7 8.Bg2 
O-O 9.O-O b5 10.Nd5 Nxd5 11.Qxd5 Ra7 12.Be3 Be6 13.Qd2 Rb7 14.f4 exf4 15.
gxf4 Bc4 16.Rfd1 Bxe2 17.Qxe2 Qc8 18.c3 Nc6 19.a4 bxa4 20.Rxa4 a5 21.Rc4 
Qd7 22.e5 Rc7 23.Qd3 Rd8 24.Bb6 d5 25.Bxc7 Qxc7 26.Bxd5 Qb6+ 27.Kh1 1-0

[Event "POL-chT3"]
[Site "Jastrzebia Gora POL"]
[Date "2015.??.??"]
[Round "2.107"]
[White "Stolarczyk, Adam"]
[Black "Faron, Rafal"]
[Result "1/2-1/2"]
[WhiteElo "2160"]
[BlackElo "2033"]
[EventDate "2015.??.??"]
[WhiteTitle "k"]
[BlackTitle "I++"]

1.e4 c5 2.Nf3 e6 3.c3 Nf6 4.e5 Nd5 5.d4 cxd4 6.cxd4 d6 7.Nc3 Nxc3 8.bxc3 
Qc7 9.Bd2 Nd7 10.exd6 Bxd6 11.Bd3 b6 12.O-O Bb7 13.Qe2 Bf4 14.Be4 Bxd2 15.
Bxb7 Qxb7 16.Nxd2 Nf6 17.c4 O-O 18.a4 Rfd8 19.Nf3 Rac8 20.a5 Qe4 21.Qxe4 
Nxe4 22.axb6 axb6 23.Rfc1 Nd6 24.c5 bxc5 25.dxc5 Nf5 26.g4 Nd4 27.Nxd4 
Rxd4 28.h3 Rd7 29.Kg2 Kf8 30.Rc3 Ke7 31.Ra5 Rcc7 32.Kf3 Rd5 33.Ke4 h5 34.
Rc4 g6 35.Rc3 Kf6 36.Kf4 Rd4+ 37.Kg3 Rd5 38.Kf4 Rd4+ 39.Kg3 Rd5 40.Kf4 
Rd4+ 1/2-1/2

[Event "POL-chT3"]
[Site "Jastrzebia Gora POL"]
[Date "2015.??.??"]
[Round "2.108"]
[White "Binkowska, Agata"]
[Black "Pyzewska, Ewelina"]
[Result "1-0"]
[WhiteElo "1553"]
[BlackElo "1316"]
[EventDate "2015.??.??"]
[WhiteTitle "I++"]
[BlackTitle "II"]

1.e4 d5 2.exd5 Qxd5 3.Nc3 Qd6 4.d4 Nf6 5.Nf3 a6 6.g3 Nc6 7.Bf4 Qd8 8.Bg2 
Bg4 9.O-O Qd7 10.Qd3 Bxf3 11.Qxf3 e6 12.d5 Nd4 13.Qd3 c5 14.Be5 Rd8 15.
Bxf6 gxf6 16.Ne4 Be7 17.dxe6 1-0

[Event "POL-chT3"]
[Site "Jastrzebia Gora POL"]
[Date "2015.??.??"]
[Round "3.1"]
[White "Janaszak, Dawid"]
[Black "Stopa, Jacek"]
[Result "1/2-1/2"]
[WhiteElo "2373"]
[BlackElo "2505"]
[EventDate "2015.??.??"]
[WhiteTitle "FM"]
[BlackTitle "GM"]

1.c4 f5 2.Nc3 Nf6 3.g3 e6 4.Bg2 Be7 5.d4 O-O 6.Nf3 d6 7.O-O a5 8.b3 Ne4 9.
Qc2 Nxc3 10.Qxc3 Nc6 11.Bb2 Bf6 12.Qd2 e5 13.e3 Qe8 14.d5 Nd8 15.Ne1 e4 
16.Rc1 b6 17.f3 exf3 18.Nxf3 Bxb2 19.Qxb2 Nb7 20.Qc3 Nc5 21.Nd4 Bd7 22.Rc2
Qe5 23.a3 Rae8 24.Re2 g5 25.b4 axb4 26.axb4 Ne4 27.Qd3 Rf6 28.Ra2 h5 29.
Ra7 Rc8 30.Nf3 Qe7 31.Nd2 Nxd2 32.Qxd2 Qe5 33.Qd4 Qxd4 34.exd4 f4 35.gxf4 
gxf4 36.Bf3 Bg4 37.Kf2 Rf7 38.Rg1 Kf8 39.Bxg4 hxg4 40.Rxg4 Re8 41.Rg6 c5 
42.Rxf7+ Kxf7 43.Rxd6 cxd4 44.Rxb6 d3 45.Re6 Rh8 46.Re4 Rxh2+ 47.Ke1 f3 
48.Rf4+ Ke7 49.Rxf3 Rh4 50.d6+ Kxd6 51.Rxd3+ Kc6 52.Rc3 Rh1+ 53.Kd2 Rb1 
54.b5+ Kc5 55.Kc2 Rh1 56.Kb2 Rg1 57.Ka2 Rh1 58.Kb3 Rb1+ 59.Ka4 Ra1+ 60.Ra3
Rh1 61.Ra2 Rg1 62.Rc2 Ra1+ 63.Kb3 Rg1 64.Rc3 Rb1+ 65.Kc2 Rh1 66.Kd2 Rh2+ 
67.Kd1 Rh1+ 68.Ke2 Rh2+ 69.Kf1 Rb2 70.Ke1 Kd4 71.Rc1 Kd3 72.Kf1 Kd4 73.Kg1
Kc5 74.Rc3 Kd4 75.Rc1 Kc5 76.Kf1 Kd4 77.c5 Rxb5 78.c6 Rb8 79.c7 Rc8 80.Ke2
Kd5 81.Kd3 Kd6 82.Kd4 Rxc7 83.Rxc7 Kxc7 1/2-1/2

[Event "POL-chT3"]
[Site "Jastrzebia Gora POL"]
[Date "2015.??.??"]
[Round "3.2"]
[White "Kantans, Toms"]
[Black "Maciejczak, Jakub"]
[Result "1-0"]
[WhiteElo "2502"]
[BlackElo "2355"]
[EventDate "2015.??.??"]
[WhiteTitle "IM"]
[BlackTitle "FM"]

1.e4 d6 2.d4 g6 3.Nc3 Bg7 4.Be3 Nf6 5.Qd2 Ng4 6.Bg5 h6 7.Bh4 Nd7 8.h3 Ngf6
9.O-O-O g5 10.Bg3 c5 11.Nf3 cxd4 12.Nxd4 Nc5 13.Bb5+ Kf8 14.Qe3 Nh5 15.Bc4
Nxg3 16.fxg3 e6 17.Ndb5 Qb6 18.Qf3 Be5 19.Nxd6 Rh7 20.Ncb5 Bd7 21.Qa3 Kg8 
22.Rhe1 Bxb5 23.Nxb5 a6 24.b4 Rc8 25.bxc5 Rxc5 26.Rd8+ Kg7 27.Rf1 axb5 28.
Rd7 Kg6 29.Bd3 b4 30.Qa8 Ra5 31.Qxb7 Qxb7 32.Rxb7 Rxa2 33.Rxb4 Rh8 34.Rf3 
Bc3 35.Rb1 Be5 36.Kd2 Rc8 37.Rb7 f6 38.Rb6 Kf7 39.Rb7+ Kg6 40.Rb6 Kf7 41.
g4 Rc7 42.Rf1 Bd4 43.Rb5 Ke7 44.Rfb1 Ra8 45.Rb8 Rxb8 46.Rxb8 Be5 47.Rh8 
Kf7 48.Rxh6 Kg7 49.Rh5 Ra7 50.h4 gxh4 51.Rxh4 Ra1 52.Bc4 Ra4 53.Kd3 Ra3+ 
54.Bb3 Kg6 55.Rh5 Ra6 56.Ke2 Rd6 57.Rh8 Kg7 58.Rc8 Kg6 59.Kf3 Kf7 60.Rc7+ 
Kf8 61.Rc5 Bd4 62.Rh5 Kg7 63.Rb5 Rc6 64.g5 Rc3+ 65.Kg4 fxg5 66.Rxg5+ Kf6 
67.Rh5 Kg6 68.Bxe6 Rxc2 69.Bf5+ Kg7 70.Rh7+ Kg8 71.g3 Rc3 72.Kf4 Be3+ 73.
Kf3 Bd4+ 74.Kg2 Be5 75.g4 Kf8 76.Rd7 Bf4 77.Kf2 Bg3+ 78.Ke2 Bf4 79.Bg6 Rc7
80.Rd5 Kg7 81.Kf3 Bc1 82.Be8 Rc3+ 83.Ke2 Kf6 84.Rf5+ Ke7 85.Bb5 Re3+ 86.
Kd1 Bb2 87.Bc6 Rg3 88.g5 Kd6 89.Bd5 Be5 90.Ke2 Bd4 91.Bc4 Ke7 92.Rd5 Bc3 
93.Kf2 Rg4 94.Kf3 Rg1 95.Kf4 Bb2 96.Kf5 Rg2 97.Rb5 Bc3 98.e5 Rf2+ 99.Ke4 
Rb2 100.Rc5 Rd2 101.g6 Rg2 102.Bf1 Rg3 103.Rc7+ Kd8 104.Rc6 Bb2 105.Kf4 
Rg1 106.Be2 Kd7 107.Bb5 Kd8 108.Kf5 Rg2 109.Rd6+ Ke7 110.Rd7+ Kf8 111.Bd3 
Ba3 112.Kf6 Ke8 113.Ra7 Bc5 114.Ra8+ Kd7 115.Bf5+ Kc7 116.g7 1-0

[Event "POL-chT3"]
[Site "Jastrzebia Gora POL"]
[Date "2015.??.??"]
[Round "3.3"]
[White "Dudzinski, Pawel"]
[Black "Cukrowski, Filip"]
[Result "1/2-1/2"]
[WhiteElo "2261"]
[BlackElo "2318"]
[EventDate "2015.??.??"]
[WhiteTitle "FM"]
[BlackTitle "m"]

1.e4 c5 2.Nc3 d6 3.g3 Nc6 4.Bg2 g6 5.d3 Bg7 6.Be3 e6 7.Qd2 Nd4 8.Nge2 Ne7 
9.Rb1 O-O 10.b4 Nec6 11.a3 b6 12.O-O Bd7 13.b5 Nxe2+ 14.Nxe2 Nd4 15.c4 
Nxe2+ 16.Qxe2 a6 17.a4 axb5 18.axb5 Ra5 19.Qd2 Qf6 20.Rfd1 e5 21.Ra1 Raa8 
22.Qb2 Rfb8 23.Rxa8 Rxa8 24.Ra1 Qd8 25.Ra3 Qb8 26.Qa2 Rxa3 27.Qxa3 Qb7 28.
h4 h5 29.Kh2 Kh7 30.Bg5 f6 31.Bd2 Qb8 32.Bh3 Bxh3 33.Kxh3 Bf8 34.Kg2 Be7 
35.Qa6 Kg7 36.Kf1 Kf7 37.Kg2 Kg7 38.Bc1 Kf7 39.Be3 Kg7 40.Bc1 Kf7 41.Be3 
1/2-1/2

[Event "POL-chT3"]
[Site "Jastrzebia Gora POL"]
[Date "2015.??.??"]
[Round "3.4"]
[White "Goluch, Piotr"]
[Black "Michalski, Filip"]
[Result "1/2-1/2"]
[WhiteElo "2270"]
[BlackElo "2176"]
[EventDate "2015.??.??"]
[WhiteTitle "k++"]
[BlackTitle "I"]

1.e4 e6 2.d3 d5 3.Nd2 c5 4.Ngf3 Nc6 5.g3 g6 6.Bg2 Bg7 7.O-O Nge7 8.Re1 O-O
9.Qe2 b5 10.e5 f6 11.a4 Qb6 12.d4 fxe5 13.dxc5 Qxc5 14.Nb3 Qd6 15.axb5 e4 
16.bxc6 exf3 17.Bxf3 Nf5 18.c4 Rb8 19.Bf4 e5 20.Bxd5+ Kh8 21.Bg5 Rxb3 22.
Rxa7 Qc5 23.Ra3 Nd4 24.Qd1 Rxa3 25.bxa3 Nxc6 26.Be3 Nd4 27.Qa4 Bg4 28.Rb1 
Bf3 29.Qd7 Bxd5 30.cxd5 Qc8 31.Qxc8 Rxc8 32.Kg2 Nf5 33.Ba7 Kg8 34.Bb8 Bf8 
35.Bxe5 Bxa3 36.Rb7 Rd8 37.g4 Rxd5 38.f4 Ne7 39.Rb8+ Kf7 40.Rh8 Rd2+ 41.
Kg3 Rd3+ 42.Kg2 h5 43.gxh5 gxh5 44.Rxh5 Ke6 45.Rh6+ Kf5 46.Rh3 Rd2+ 47.Kf3
Bc5 48.Rh5+ Ke6 49.Rh6+ Kd5 50.Rh5 Rf2+ 51.Kg4 Ke4 52.Kg5 Nd5 53.Kg6 Rg2+ 
54.Kf7 Ra2 55.h3 Ra7+ 56.Kg6 Ra6+ 57.Kf7 Ra7+ 58.Kg6 Ne7+ 59.Kf6 Ra6+ 60.
Kf7 Nf5 61.Rh8 Ra7+ 62.Kg6 Ne7+ 63.Kg5 Ra6 64.Rh6 Ra8 65.Rh8 Ra6 66.Rh6 
Ra2 67.Rh8 Rg2+ 68.Kf6 Nd5+ 69.Kf7 Ra2 70.Rh5 Ra7+ 71.Kg6 Ra6+ 72.Kf7 Bb4 
73.Rh8 Ra7+ 74.Kg6 Ne7+ 75.Kg5 Nf5 76.Rc8 Be7+ 77.Kg6 Nh4+ 78.Kf7 Bb4+ 79.
Rc7 Ra4 80.Rc6 Be1 81.Ke6 Nf5 82.Rc1 Ra6+ 83.Kd7 Bf2 84.Rc6 Ra7+ 85.Rc7 
Ra6 86.Rc6 1/2-1/2

[Event "POL-chT3"]
[Site "Jastrzebia Gora POL"]
[Date "2015.??.??"]
[Round "3.5"]
[White "Ziabek, Patryk"]
[Black "Szczepaniak, Lukasz"]
[Result "1/2-1/2"]
[WhiteElo "2038"]
[BlackElo "2127"]
[EventDate "2015.??.??"]
[WhiteTitle "I+"]
[BlackTitle "k"]

1.Nf3 Nf6 2.b3 g6 3.Bb2 Bg7 4.g3 O-O 5.Bg2 c5 6.O-O Nc6 7.d4 cxd4 8.Nxd4 
Nxd4 9.Bxd4 d6 10.c4 Nd7 11.Bxg7 Kxg7 12.Qd4+ Kg8 13.Nc3 Nc5 14.f4 Bd7 15.
e4 Bc6 16.b4 Na4 17.Nxa4 Bxa4 18.Rac1 Bc6 19.Rfd1 b6 20.b5 Bb7 21.e5 Bxg2 
22.Kxg2 dxe5 23.Qxe5 Qc8 24.c5 bxc5 25.Rxc5 Qb7+ 26.Qd5 Qxd5+ 27.Rdxd5 
Rfb8 28.Rc7 a6 29.bxa6 Rb2+ 30.Kh3 Rxa6 31.Rxe7 Rbxa2 32.Rdd7 Rf6 33.Ra7 
Rxa7 34.Rxa7 Kg7 35.Ra5 h5 36.Kh4 Rb6 37.Rc5 Rd6 38.Ra5 Rb6 39.Rc5 Rd6 40.
Ra5 Rb6 1/2-1/2

[Event "POL-chT3"]
[Site "Jastrzebia Gora POL"]
[Date "2015.??.??"]
[Round "3.6"]
[White "Kulon, Klaudia"]
[Black "Magnucka, Milena"]
[Result "1-0"]
[WhiteElo "2250"]
[BlackElo "1950"]
[EventDate "2015.??.??"]
[WhiteTitle "WGM"]
[BlackTitle "WFM"]

1.e4 c5 2.Nf3 d6 3.d4 cxd4 4.Nxd4 Nf6 5.Nc3 a6 6.Be3 e5 7.Nb3 Be6 8.f3 Be7
9.Qd2 O-O 10.O-O-O Nbd7 11.g4 b5 12.g5 b4 13.Ne2 Ne8 14.f4 a5 15.f5 a4 16.
fxe6 axb3 17.exf7+ Rxf7 18.Kb1 Qa5 19.Nc1 bxa2+ 20.Ka1 Kh8 21.Bc4 Rf8 22.
Rhf1 Nc7 23.Qg2 g6 24.Qh3 Qa4 25.Nb3 Qc6 26.Bf7 Rg8 27.Bxg8 Kxg8 28.Bd2 
Rb8 29.Na5 Qb5 30.Qb3+ d5 31.exd5 Qxd5 32.Nc6 Re8 33.Nxe7+ Rxe7 34.Bxb4 
Qxb3 35.cxb3 Rg7 36.Rc1 1-0

[Event "POL-chT3"]
[Site "Jastrzebia Gora POL"]
[Date "2015.??.??"]
[Round "3.7"]
[White "Rudolf, Michal"]
[Black "Krysztofiak, Marcin"]
[Result "1/2-1/2"]
[WhiteElo "2326"]
[BlackElo "2392"]
[EventDate "2015.??.??"]
[WhiteTitle "FM"]
[BlackTitle "IM"]

1.e4 e5 2.Nf3 Nc6 3.Bb5 a6 4.Ba4 Nf6 5.O-O Be7 6.Re1 b5 7.Bb3 d6 8.c3 O-O 
9.d3 Na5 10.Bc2 c5 11.Nbd2 Nc6 12.Nf1 h6 13.a4 b4 14.Ng3 bxc3 15.bxc3 Be6 
16.h3 Rb8 17.d4 cxd4 18.cxd4 Nxd4 19.Nxd4 exd4 20.Qxd4 Qc7 21.Bd3 d5 22.
Ba3 Bxa3 23.Rxa3 Qa5 24.Qc3 Qxc3 25.Rxc3 Rb4 26.Bxa6 Rxa4 27.exd5 Nxd5 28.
Rc6 Nb4 29.Bb5 Ra5 30.Rb6 Nd5 31.Rb7 Bc8 32.Rb8 Be6 33.Rb7 Bc8 34.Rb8 Be6 
1/2-1/2

[Event "POL-chT3"]
[Site "Jastrzebia Gora POL"]
[Date "2015.??.??"]
[Round "3.8"]
[White "Grabarczyk, Miroslaw"]
[Black "Zujev, Oleg"]
[Result "1/2-1/2"]
[WhiteElo "2442"]
[BlackElo "2271"]
[EventDate "2015.??.??"]
[WhiteTitle "GM"]
[BlackTitle ""]

1.d4 Nf6 2.c4 g6 3.Nf3 Bg7 4.g3 d5 5.cxd5 Nxd5 6.Bg2 Nb6 7.O-O Nc6 8.e3 
O-O 9.Nc3 Re8 10.Re1 a5 11.Qe2 e5 12.dxe5 Nxe5 13.Nxe5 Bxe5 14.Rd1 Qe7 15.
e4 Be6 16.Be3 Nc4 17.Bd4 c6 18.b3 Bxd4 19.Rxd4 Ne5 20.Rad1 Rad8 21.Qe3 
Rxd4 22.Rxd4 Rd8 23.Ne2 Rxd4 24.Nxd4 Qc5 25.f3 a4 26.f4 Ng4 27.Qd2 axb3 
28.axb3 Bxb3 29.h3 Nf6 30.Kh2 Be6 31.e5 Nd5 32.f5 Bxf5 33.Nxf5 gxf5 34.
Qg5+ Kf8 35.Qd8+ Kg7 36.Qg5+ Kf8 37.Qd8+ Kg7 38.Qg5+ Kf8 1/2-1/2

[Event "POL-chT3"]
[Site "Jastrzebia Gora POL"]
[Date "2015.??.??"]
[Round "3.9"]
[White "Warszawski, Bartosz"]
[Black "Borgula, Rafal"]
[Result "1-0"]
[WhiteElo "2224"]
[BlackElo "2267"]
[EventDate "2015.??.??"]
[WhiteTitle "m"]
[BlackTitle "FM"]

1.e4 e5 2.Nf3 Nc6 3.Bb5 a6 4.Ba4 Nf6 5.O-O b5 6.Bb3 Be7 7.Re1 O-O 8.h3 d6 
9.c3 Na5 10.Bc2 c5 11.d4 Qc7 12.Nbd2 cxd4 13.cxd4 Nc6 14.Nb3 Bd7 15.a3 
Rfc8 16.Bd3 exd4 17.Nbxd4 Ne5 18.Bc2 Be6 19.Bf4 Nxf3+ 20.Qxf3 Qc5 21.Rad1 
Qh5 22.Qg3 Ne8 23.Rd2 Bh4 24.Qe3 Bd7 25.Nf5 Bxf5 26.exf5 Bf6 27.Be4 Rab8 
28.g4 Qh4 29.Bg2 g5 30.Bxd6 Nxd6 31.Rxd6 Bxb2 32.Qb3 Bc3 33.Red1 Rc4 34.
Rd7 h5 35.Bf1 Rbc8 36.Rd8+ Rxd8 37.Rxd8+ Kg7 38.Bxc4 Qxh3 39.Be2 hxg4 40.
Rd3 1-0

[Event "POL-chT3"]
[Site "Jastrzebia Gora POL"]
[Date "2015.??.??"]
[Round "3.10"]
[White "Robak, Zbigniew"]
[Black "Chalupnik, Marcin"]
[Result "0-1"]
[WhiteElo "2192"]
[BlackElo "2210"]
[EventDate "2015.??.??"]
[WhiteTitle "m"]
[BlackTitle "k++"]

1.e4 e6 2.d4 d5 3.Nc3 Nf6 4.Bg5 Be7 5.e5 Nfd7 6.h4 Bxg5 7.hxg5 Qxg5 8.Nh3 
Qe7 9.Qg4 g6 10.Nf4 Nc6 11.O-O-O h5 12.Qg3 Nb6 13.Bd3 Bd7 14.Nxg6 fxg6 15.
Bxg6+ Kd8 16.Bxh5 Qh7 17.Be2 Qxh1 18.Qg5+ Ne7 19.Rxh1 Rxh1+ 20.Nd1 Rc8 21.
b4 a5 22.bxa5 Nc4 23.Qf6 c5 24.g4 cxd4 25.Bd3 Rc5 26.Qf8+ Be8 27.Bg6 Nd6 
28.exd6 Nxg6 29.Qf3 Rg1 30.Qf6+ Kd7 31.Qxd4 Kxd6 32.f3 Rh1 33.Qb4 Ne5 34.
Qxb7 Bg6 35.Qb8+ Ke7 0-1

[Event "POL-chT3"]
[Site "Jastrzebia Gora POL"]
[Date "2015.??.??"]
[Round "3.11"]
[White "Kaim, Piotr"]
[Black "Konieczynski, Piotr"]
[Result "1-0"]
[WhiteElo "2195"]
[BlackElo "1975"]
[EventDate "2015.??.??"]
[WhiteTitle "m"]
[BlackTitle "I++"]

1.e4 e6 2.d4 d5 3.Nc3 Bb4 4.e5 c5 5.a3 Bxc3+ 6.bxc3 Qc7 7.Qg4 f5 8.Qg3 a6 
9.Ne2 Nc6 10.Be3 cxd4 11.cxd4 Na5 12.Bd2 Nc6 13.c3 Qf7 14.Nf4 Nge7 15.Be2 
O-O 16.Bh5 g6 17.Be2 Qg7 18.h4 h6 19.Qe3 Kh7 20.Rh3 Rg8 21.Rb1 Rb8 22.a4 
Na5 23.Rb6 Nac6 24.Bc1 Bd7 25.Rg3 Nc8 26.Nh5 Qf8 27.Nf6+ 1-0

[Event "POL-chT3"]
[Site "Jastrzebia Gora POL"]
[Date "2015.??.??"]
[Round "3.12"]
[White "Weglarz, Joanna"]
[Black "Bednarska-bzdega, Malgorzata"]
[Result "1/2-1/2"]
[WhiteElo "2004"]
[BlackElo "2052"]
[EventDate "2015.??.??"]
[WhiteTitle "k"]
[BlackTitle "WFM"]

1.Nf3 Nf6 2.d4 e6 3.c4 d5 4.Nc3 c6 5.e3 Nbd7 6.Be2 a6 7.c5 Qc7 8.b4 e5 9.
dxe5 Nxe5 10.Bb2 Nxf3+ 11.Bxf3 Be7 12.O-O O-O 13.a3 Bf5 14.Ne2 Rfe8 15.Ng3
Bg6 16.Re1 Rad8 17.Qd4 Bf8 18.Rad1 Ne4 19.Bxe4 Bxe4 20.Qc3 Bg6 21.Rd4 Ra8 
22.e4 dxe4 23.Nxe4 Bxe4 24.Rdxe4 Rxe4 25.Rxe4 Rd8 26.Rd4 h6 27.Rxd8 Qxd8 
28.g3 Qd1+ 29.Kg2 Qd5+ 30.Kg1 Qd1+ 31.Kg2 Qd5+ 32.Kg1 Qd1+ 1/2-1/2

[Event "POL-chT3"]
[Site "Jastrzebia Gora POL"]
[Date "2015.??.??"]
[Round "3.13"]
[White "Sivuk, Vitaly"]
[Black "Gumularz, Szymon"]
[Result "1-0"]
[WhiteElo "2479"]
[BlackElo "2239"]
[EventDate "2015.??.??"]
[WhiteTitle "GM"]
[BlackTitle "I++"]

1.d4 d5 2.c4 e6 3.Nc3 c6 4.Qd3 f5 5.Bf4 Nf6 6.Nf3 Bd6 7.e3 O-O 8.Qc2 Ne4 
9.Bd3 Qe7 10.O-O Nd7 11.Ne2 Ndf6 12.c5 Bxf4 13.exf4 Ng4 14.b4 Bd7 15.Ne5 
Nh6 16.Rab1 Nf7 17.f3 Nf6 18.b5 Rfb8 19.a4 Be8 20.Rb3 Nxe5 21.fxe5 Nd7 22.
Rfb1 Qd8 23.Qc3 Qc8 24.Nf4 Nf8 25.a5 Kf7 26.Qb2 Nd7 27.g4 g6 28.gxf5 gxf5 
29.Bxf5 exf5 30.e6+ Kf6 31.bxc6 Qxc6 32.exd7 Bxd7 33.Rxb7 Rg8+ 34.Kh1 Rae8
35.Rxa7 Rb8 36.Rb7 Rxb7 37.Qxb7 1-0

[Event "POL-chT3"]
[Site "Jastrzebia Gora POL"]
[Date "2015.??.??"]
[Round "3.14"]
[White "Piotrowski, Przemyslaw"]
[Black "Kowalczyk, Pawel"]
[Result "0-1"]
[WhiteElo "2193"]
[BlackElo "2352"]
[EventDate "2015.??.??"]
[WhiteTitle "k"]
[BlackTitle "I++"]

1.d4 f5 2.g3 Nf6 3.Bg2 e6 4.c4 d5 5.Nh3 c6 6.O-O Be7 7.Bf4 h6 8.Bxb8 Rxb8 
9.Nf4 Kf7 10.Nd2 Re8 11.Nf3 g5 12.Nd3 Kg7 13.c5 Qc7 14.Rc1 Bd7 15.Nfe5 
Red8 16.f3 Be8 17.Qd2 Nd7 18.b4 Bf6 19.Qc3 Kh7 20.e3 Nxe5 21.dxe5 Bg7 22.
Qd4 Bg6 23.f4 Bf8 24.Rf2 Be7 25.a4 Be8 26.Rb2 b6 27.Bf1 gxf4 28.exf4 Rdc8 
29.Be2 a5 30.cxb6 Qxb6 31.Nc5 Bxc5 32.Rxc5 Rb7 33.Bd3 Qa7 34.Kf1 Rcb8 35.
b5 cxb5 36.axb5 Bxb5 37.Bxb5 Rxb5 38.Rcxb5 Qxd4 39.Rxb8 Qd3+ 40.Kg2 Kg6 
41.h3 d4 42.Kh2 Qf3 43.Rg8+ Kh5 44.Rg2 d3 45.Rf8 a4 46.Rf6 Qxg2+ 47.Kxg2 
d2 48.g4+ fxg4 49.hxg4+ Kxg4 50.Rg6+ Kf5 0-1

[Event "POL-chT3"]
[Site "Jastrzebia Gora POL"]
[Date "2015.??.??"]
[Round "3.15"]
[White "Jagodzinski, Piotr"]
[Black "Perdek, Miroslaw"]
[Result "1-0"]
[WhiteElo "2246"]
[BlackElo "2225"]
[EventDate "2015.??.??"]
[WhiteTitle "k++"]
[BlackTitle "FM"]

1.e4 c5 2.Nf3 Nc6 3.d3 d6 4.c3 Nf6 5.Be2 g6 6.O-O Bg7 7.Re1 O-O 8.a3 e5 9.
b4 b6 10.Bb2 Re8 11.Nbd2 Bb7 12.Bf1 a6 13.Qb3 Qc7 14.Rac1 Rac8 15.a4 Na7 
16.b5 a5 17.d4 d5 18.Nxe5 Nxe4 19.Nxe4 Rxe5 20.dxe5 c4 21.Qd1 dxe4 22.Qd6 
Bxe5 23.Qxc7 Rxc7 24.Rcd1 Kg7 25.g3 Re7 26.Bxc4 1-0

[Event "POL-chT3"]
[Site "Jastrzebia Gora POL"]
[Date "2015.??.??"]
[Round "3.16"]
[White "Nowak, Kamil"]
[Black "Dobrowolski, Aleksander"]
[Result "1-0"]
[WhiteElo "2133"]
[BlackElo "2281"]
[EventDate "2015.??.??"]
[WhiteTitle "I+"]
[BlackTitle "m"]

1.e4 c5 2.Nf3 Nc6 3.d4 cxd4 4.Nxd4 e6 5.Nc3 a6 6.Be3 Nf6 7.Bd3 Qc7 8.O-O 
Nxd4 9.Bxd4 Bc5 10.Bxc5 Qxc5 11.Kh1 d6 12.Qe1 e5 13.f4 Be6 14.Rd1 O-O 15.
f5 Bd7 16.Nd5 Nxd5 17.exd5 f6 18.Be4 Be8 19.Rf3 Bh5 20.Rc3 Qa5 21.Rc1 Rac8
22.Rb3 Qxe1+ 23.Rxe1 Rc7 24.Rb6 Rd8 25.Kg1 Rdd7 26.Re3 g5 27.b3 Bf7 28.c4 
Kf8 29.Kf2 h5 30.Rc3 Ke7 31.g3 Rd8 32.h3 Rdd7 33.Ke3 Rd8 34.b4 Rdd7 35.a4 
Rd8 36.a5 Rdd7 37.Rc1 Bg8 38.Bf3 Bf7 39.Rc2 Rd8 40.c5 dxc5 41.Rxc5 Rxc5 
42.Rxb7+ Kf8 43.bxc5 Bxd5 44.Rb6 Ke7 45.Rxa6 Bxf3 46.Kxf3 Rd3+ 47.Ke4 Rxg3
48.Re6+ Kd7 49.Rxf6 Rxh3 50.Kxe5 g4 51.a6 Ra3 52.Rd6+ Kc7 53.f6 Rf3 54.a7 
Kb7 55.Rd7+ Ka8 56.f7 g3 57.Ke4 Rf6 58.Rd8+ Kxa7 59.f8=Q 1-0

[Event "POL-chT3"]
[Site "Jastrzebia Gora POL"]
[Date "2015.??.??"]
[Round "3.17"]
[White "Dowgird, Filip"]
[Black "Kolasinski, Krzysztof"]
[Result "1-0"]
[WhiteElo "2208"]
[BlackElo "2087"]
[EventDate "2015.??.??"]
[WhiteTitle "k"]
[BlackTitle "I++"]

1.e4 c5 2.g3 Nc6 3.Bg2 e6 4.d3 g6 5.f4 Bg7 6.Nf3 d6 7.O-O Nge7 8.a4 O-O 9.
c3 Rb8 10.Be3 b5 11.axb5 Rxb5 12.Rf2 d5 13.Na3 Ra5 14.e5 Nf5 15.Bc1 Ra6 
16.Bf1 Rb6 17.Nc2 Ra6 18.Rb1 Rb6 19.g4 Nfe7 20.Be3 Rb5 21.d4 c4 22.h4 Bd7 
23.h5 gxh5 24.f5 exf5 25.gxh5 f4 26.Bxf4 Nf5 27.Qd2 h6 28.Ne3 Nxe3 29.Bxe3
Kh7 30.Bd3+ cxd3 31.Qxd3+ Kh8 32.Qxb5 Nxe5 33.Qxd5 Ng4 34.Bf4 Nxf2 35.Kxf2
Qc8 36.Qd6 Be6 37.Rg1 Rd8 38.Qc7 Qxc7 39.Bxc7 Rd7 40.Be5 f6 41.Bf4 Rd5 42.
Ra1 a5 43.Bc7 Rf5 44.Rxa5 Bd5 45.Bf4 Rxh5 46.b4 Bf8 47.c4 Bxf3 48.Kxf3 
Rh3+ 49.Kg4 Rd3 50.Ra8 Kg7 51.d5 Bxb4 52.Kf5 Rd4 53.Ra7+ Kg8 54.Bxh6 Rxc4 
55.Rg7+ Kh8 56.Rb7 Rd4 57.Bg7+ Kg8 58.Bxf6 Rxd5+ 59.Kg6 Bf8 60.Rh7 Bg7 61.
Rxg7+ Kf8 62.Rh7 Ke8 63.Re7+ Kf8 64.Re6 Rd7 65.Ra6 1-0

[Event "POL-chT3"]
[Site "Jastrzebia Gora POL"]
[Date "2015.??.??"]
[Round "3.18"]
[White "Iwanow, Anna"]
[Black "Korosciel, Aneta"]
[Result "1-0"]
[WhiteElo "2312"]
[BlackElo "2036"]
[EventDate "2015.??.??"]
[WhiteTitle "WIM"]
[BlackTitle "m"]

1.e4 e5 2.Nf3 Nf6 3.Nxe5 d6 4.Nf3 Nxe4 5.d4 d5 6.Bd3 Be7 7.O-O Nc6 8.Nc3 
Nxc3 9.bxc3 Bg4 10.Rb1 Rb8 11.h3 Bh5 12.Re1 O-O 13.Bf5 Bg6 14.Qd3 Re8 15.
Bf4 Bd6 16.Rxe8+ Qxe8 17.Bxd6 cxd6 18.Bxg6 hxg6 19.Qb5 Qd7 20.Qxd5 Ne7 21.
Qe4 b6 22.Re1 Nf5 23.g4 d5 24.Qe5 Nd6 25.Qxd5 Qc7 26.Kg2 Rd8 27.Qg5 Rc8 
28.Re3 Qc6 29.Qf4 Nb5 30.Re7 Qd5 31.Qe5 Qxe5 32.Nxe5 f6 33.Nxg6 Rxc3 34.h4
Nxd4 35.Rxa7 Rxc2 36.h5 b5 37.Kg3 Rc3+ 38.Kf4 Rc4 39.Ra8+ Kf7 40.Ra7+ Kg8 
41.Ke3 Nc2+ 42.Kd2 Nd4 43.f4 Nc6 44.Ra8+ Kf7 45.f5 Rd4+ 46.Kc3 b4+ 47.Kb3 
Nd8 48.Rc8 Ke8 49.Rc7 Re4 50.Rxg7 Nf7 51.Rg8+ Kd7 52.Rb8 Nh6 53.Rxb4 Re3+ 
54.Ka4 Rg3 55.Kb5 Ra3 56.Ra4 Rg3 57.Ra7+ Kd8 58.Kc6 Rc3+ 59.Kd6 Rd3+ 60.
Ke6 Nxg4 61.a4 Kc8 62.Ne7+ Kb8 63.Nc6+ Kc8 64.a5 Rc3 65.Nd4 Rc4 66.Nb5 Kb8
67.a6 Rc6+ 68.Kf7 Nh6+ 69.Kg6 Ng4 70.Rb7+ Kc8 71.Na7+ 1-0

[Event "POL-chT3"]
[Site "Jastrzebia Gora POL"]
[Date "2015.??.??"]
[Round "3.19"]
[White "Kumala, Aleksander"]
[Black "Gajek, Radoslaw"]
[Result "0-1"]
[WhiteElo "2102"]
[BlackElo "2384"]
[EventDate "2015.??.??"]
[WhiteTitle "I++"]
[BlackTitle "IM"]

1.e4 c5 2.Nf3 e6 3.b3 d5 4.exd5 exd5 5.d4 Nf6 6.Bb2 Nc6 7.Be2 Bd6 8.dxc5 
Bxc5 9.O-O O-O 10.Nc3 Bf5 11.Nb5 Ne4 12.Nbd4 Bg6 13.Rc1 Qa5 14.a4 Nxd4 15.
Bxd4 Ba3 16.Ra1 Bb4 17.Nh4 Rfe8 18.Nxg6 hxg6 19.Bb5 Re6 20.Qg4 Bc3 21.Bxc3
Qxc3 22.Bd3 Rae8 23.h3 R8e7 24.Rfd1 Rf6 25.Bxe4 Rxe4 26.Qg3 Qxg3 27.fxg3 
Re2 28.Rxd5 Rff2 29.Rd7 Rxg2+ 30.Kh1 Rh2+ 31.Kg1 Reg2+ 32.Kf1 Rxc2 33.Kg1 
Rcg2+ 34.Kf1 Rb2 35.Kg1 Rxh3 36.Rxb7 Rxg3+ 37.Kh1 Rbxb3 38.Rxa7 Rg5 39.Ra2
Rh3+ 40.Rh2 Rgh5 41.Rxh3 Rxh3+ 42.Kg2 Ra3 43.a5 g5 44.a6 f5 45.Ra8+ Kf7 
46.a7 Kg6 47.Kf2 g4 48.Kg2 Kg5 49.Kh2 Ra2+ 50.Kh1 Kf4 51.Kg1 Kg3 52.Kf1 f4
0-1